Statistics for 2015 Formula One Drivers

Click here to take the quiz!

General Stats

  • This quiz has been taken 30 times
  • The average score is 16 of 21

Answer Stats

TeamCountryDriver% Correct
FerrariFinlandKimi Räikkönen
100%
FerrariGermanySebastian Vettel
100%
Toro RossoSpainCarlos Sainz Jr.
92%
Red BullAustraliaDaniel Ricciardo
92%
MercedesUnited KingdomLewis Hamilton
92%
Toro RossoNetherlandsMax Verstappen
92%
Force IndiaMexicoSergio Pérez
92%
WilliamsBrazilFelipe Massa
88%
Red BullRussiaDaniil Kvyat
84%
McLarenSpainFernando Alonso
84%
McLarenUnited KingdomJenson Button
84%
Force IndiaGermanyNico Hülkenberg
84%
MercedesGermanyNico Rosberg
84%
WilliamsFinlandValtteri Bottas
84%
SauberSwedenMarcus Ericsson
76%
LotusFranceRomain Grosjean
76%
LotusVenezuelaPastor Maldonado
72%
SauberBrazilFelipe Nasr
52%
ManorUnited StatesAlexander Rossi
28%
ManorSpainRoberto Merhi
20%
ManorUnited KingdomWill Stevens
20%

Score Distribution

Percentile by Number Answered

Percent of People with Each Score

Your Score History

You have not taken this quiz